000 00248nam a2200109Ia 4500
008 190216s9999||||xx |||||||||||||| ||und||
100 _aEdger Rice Barroughs
245 0 _aBeats Of Tarzan
260 _bKiran Books
650 _aEnglish
942 _cBK
999 _c13334
_d13334